000 00598nam a2200193Ia 4500
003 GCL
008 140319s9999 xx 000 0 ara d
040 _aGCL /
_cGCL
082 0 4 _a811.9
_bى م
100 1 _aيسرى العزب
245 1 0 _aميلاد البحر: شعر /
_cيسرى العزب
300 _a174 ص
490 _aاصوات ادبية
_v0
650 0 4 _aالادب العربى
650 0 4 _aالشعر العربى - دواوين وقصائد
650 0 4 _aالشعر العربى - العصر الحديث
650 0 4 _aالشعر العربى - مصر
942 _2ddc
_cBK
999 _c50752
_d50752